「ぜ」で終わる駅名 - Statistics

General Stats
  • This quiz has been taken 89 times
  • The average score is 3 of 11
Answer Stats
駅名 読み % Correct
滋賀県 膳所 ぜぜ
92%
滋賀県 京阪膳所 けいはんぜぜ
34%
埼玉県 横瀬 よこぜ
34%
福岡県 渡瀬 わたぜ
25%
長野県 海瀬 かいぜ
24%
山形県 三瀬 さんぜ
20%
長崎県 皆瀬 かいぜ
16%
福岡県 西鉄渡瀬 にしてつわたぜ
16%
兵庫県 生瀬 なまぜ
14%
佐賀県 波瀬 はぜ
14%
山口県 柳瀬 やなぜ
4%
No matching quizzes found
Score Distribution
Percent of People with Each Score
Percentile by Number Answered
Your Score History
You have not taken this quiz